| 000 | 00836nam a2200265 u 4500 | ||
|---|---|---|---|
| 005 | 20241012064040.0 | ||
| 008 | 111010s2007 ag r 000 0 spa d | ||
| 020 | _a9789505073269 | ||
| 035 | _aUPN01000182127 | ||
| 049 | _aI | ||
| 050 | 4 |
_aLB1137 _bG3.2 2007 |
|
| 100 | 1 |
_aGamboa de Vitelleschi, Susana _931594 |
|
| 245 | 1 | 0 |
_aAprender jugando con la naturaleza / _cSusana Gamboa de Vitelleschi. |
| 250 | _a7a ed. | ||
| 260 |
_aBuenos Aires : _bBonum, _c2007 |
||
| 300 |
_a181 p. : _bil. |
||
| 440 | 0 | _aJuegos y dinámicas | |
| 650 | 4 |
_aJuegos educativos _93952 |
|
| 650 | 4 |
_aNATURALEZA - _xESTUDIO _94687 |
|
| 650 | 4 |
_aSENTIDOS Y SENSACIONES EN LOS NIÑOS _915677 |
|
| 650 | 4 |
_aVALORES - _xESTUDIO Y ENSEÑANZA (ELEMENTAL) _9311 |
|
| 650 | 4 |
_aLógica _xEstudio y enseñanza _915637 |
|
| 905 | _aInfantil | ||
| 999 |
_c154230 _d154230 |
||